Instituto General y Técnico de Burgos (Record no. 68430)

MARC details
000 -LEADER
campo de control de longitud fija 00696nam a2200181 i 4500
001 - NÚMERO DE CONTROL
campo de control 68430
003 - IDENTIFICADOR DE NÚMERO DE CONTROL
campo de control ES-MaACL
005 - FECHA Y HORA DE LA ÚLTIMA TRANSACCIÓN
campo de control 20230906170301.0
007 - CAMPO FIJO DE DESCRIPCIÓN FÍSICA--INFORMACIÓN GENERAL
campo de control de longitud fija t|
008 - DATOS DE LONGITUD FIJA--INFORMACIÓN GENERAL
campo de control de longitud fija 040628s1907 sp ||||1| spa d
100 1# - ENTRADA PRINCIPAL--NOMBRE DE PERSONA
Nombre de persona García de Quevedo y Concellón, Eloy.
9 (RLIN) 54494
245 10 - MENCIÓN DEL TÍTULO
Título Instituto General y Técnico de Burgos
Resto del título : memoria a cerca de su estado en el curso académico de 1905 a 1906 /
Mención de responsabilidad, etc. Eloy García de Quevedo y Concellón.
260 ## - PUBLICACIÓN, DISTRIBUCIÓN, ETC.
Lugar de publicación, distribución, etc. Burgos :
Nombre del editor, distribuidor, etc. [s.n.],
Fecha de publicación, distribución, etc. 1907 (
Fabricante Imp. Hijos de Santiago Rodríguez)
300 ## - DESCRIPCIÓN FÍSICA
Extensión 1 v.
610 24 - PUNTO DE ACCESO ADICIONAL DE MATERIA--NOMBRE DE ENTIDAD CORPORATIVA
Nombre de entidad corporativa o nombre de jurisdicción como elemento de entrada Instituto General y Técnico de Burgos-
Subdivisión de forma Memorias.
9 (RLIN) 144974
710 2# - ENTRADA AGREGADA--NOMBRE DE ENTIDAD CORPORATIVA
Nombre de entidad corporativa o nombre de jurisdicción como elemento de entrada Instituto General y Técnico de Burgos.
9 (RLIN) 5063
852 ## - LOCALIZACIÓN
Ubicación ES-MaACL
Número de control de estantería T-1177-F-3
Holdings
Estatus retirado Estado de pérdida Estado de daño No para préstamo Colección Biblioteca de origen Biblioteca actual Ubicación en estantería Fecha de adquisición Fuente de adquisición Total de préstamos Signatura topográfica completa Código de barras Visto por última vez Precio de reemplazo Tipo de ítem Koha
        Colección de folletos Biblioteca del Ateneo de Madrid Biblioteca del Ateneo de Madrid Depósito folletos 17/01/2008     T-1177-F-3 1071633 23/02/2023 23/02/2023 Folleto